000
00222nam a22000857a 4500
008
160630b xxu||||| |||| 00| 0 eng d
100
_9
1456
_a
Goyal, S
245
_a
Trekking beyond the Habitable World
260
_a
N.D
_b
Arya
_c
1991
999
_c
1204
_d
1204